00367pab a2200133 454500008004000000100001800040245006900058260000900127300001200136362000800148650003500156650002000191773002200211180718b1999 xxu||||| |||| 00| 0 eng d aAllardt, Erik aThe future of the social sciences in the 21st century: a comment c1999 ap.13-17 aOct aSocial sciences - 21st century aSocial sciences aCurrent Sociology